Quizz Rap fr - Statistiques

Statistiques générales
  • Ce quiz a été pris 2 702 fois
  • Le résultat moyen est 3 sur 10
Statistiques - réponses
Indice Réponse % Correct
Ton corps dans ma rétine c'est sensoriel Sincèrement elle pourra pas nous essorer, la routine Nekfeu
78%
Les vrais amis se font rares donc ton hypocrisie me fait rire
Pour faire des euros il n'y a pas d'horaire
J'veux des poils de chihuahua dans la fourrure
Ninho
59%
Mes semelles affichent rouge comme tes voyants, pas besoin de couteau, j'ai mes canines Je ne fais que des grands pas de géant, j'peux marcher que quand les planètes s'alignent Kaaris
55%
Il y a des siècles mes ancêtres bossaient dans les champs Et aujourd'hui, je claque des grosses sommes sur les Champs Euros sur l'compte me donnent l'illusion qu'ça a gé-chan La vérité c'est que l'argent revient aux mêmes gens Dosseh
33%
J'viens d'un continent et d'un pays qui saigne quand la violence résout pas les problèmes C'est la sorcellerie qui l'fait, on est la moyenne de nos srabs, on attire c'qui nous est commun Si t'es entouré d'fils de putes, c'est qu'toi aussi t'en es un Dinos
29%
Au restaurant du coin, table 6, toujours le même type
Il v'nait avec sa femme, d'puis qu'elle est die, il fait l'amnésique
Il boit en continu, les yeux rivés sur la jeunesse
Très peu d'espoir : voilà c'que j'vois par ma fenêtre
Hugo TSR
26%
Je croise le petit du deuxième, qui passe avec son ballon
J'lui donne dix euros et marque "bouffe" sur la feuille de compte
"Petit prends-moi un café, un paquet de feuilles, un coca
Garde la monnaie pour toi, demande au guetteur qu'est-ce qu'il veut boire"
Soso Maness
18%
Même si t'as pas faim, mange tes morts, mange tes morts Achète du pain et va manger tes morts Avec du vin et du Boursin, mange tes morts, mange tes morts Seth Gueko
14%
Le monde est une assiette, comme fourchette, j'utilise Le trident de Poséidon Ici, c'est mon rrain-té, dis bien à tes copains Ils jouent encore une fois aux boss et ils tombent Caballero
6%
J’aime quand la basse tabasse Quand la prod me donne des frissons, la chair de poule Des grands au bar tabac que je revois n’arrivent même plus a tenir debout La Fève
5%
Aucun quiz correspondant
Distribution des résultats
% des personnes avec chaque résultat
Percentile par nombre de réponses
Votre historique - résultats
Vous n’avez pas pris ce quiz